000 00330nam a2200145Ia 4500
999 _c4268
_d4268
003 OSt
005 20200310123155.0
008 200302s9999 xx 000 0 und d
100 _aAnubhuti II
245 _aEco-Friendly Architecture Harsil Valley
260 _bSwaprakashan
260 _c2014
300 _a189 P.
942 _2ddc